Statistics for York City FC 21/22 Squad

Click here to take the quiz!

General Stats

  • This quiz has been taken 4 times
    (2 since last reset)
  • The average score is 18 of 31

Answer Stats

HintAnswer% Correct
FWClayton Donaldson
100%
DFJonny Haase
100%
FWKurt WIlloughby
100%
FWLenell John-Lewis
100%
GKMaison Campbell
100%
DFMaxim Kouogun
100%
FWMaziar Kouhyar
100%
DFMichael Duckworth
100%
MFMitch Hancox
100%
MFOlly Dyson
100%
GKPete Jameson
100%
GKRyan Whitley
100%
DFSam Sanders
100%
MFAJ Greaves
50%
MFAkil Wright
50%
FWJack McKay
50%
MFMichael Woods
50%
MFPaddy Mclaughlin
50%
DFSam Fielding
50%
DFScott Barrow
50%
DFSean Newton
50%
FWWIll Jarvis
50%
DFAdam Senior
0%
MFHarrison Hopper
0%
FWJason Gilchrist
0%
DFJosh KIng
0%
DFKieran Wallace
0%
FWMark Beck
0%
DFMatty Brown
0%
FWRemy Longdon
0%
FWReon Potts
0%

Score Distribution

Percentile by Number Answered

Percent of People with Each Score

Your Score History

You have not taken this quiz since the last reset